Využívanie marketingu na trhu realitných kancelárii a jeho analýza vo vybranej firme diplomová práca

Na minha lista:
Detalhes bibliográficos
Autor principal: Barteková, Martina
Autor Corporativo: Obchodná fakulta EU. Katedra marketingu
Outros Autores: Orgonáš, Jozef, 1957-
Formato: Livro
Idioma:eslovaco
Publicado em: Bratislava 2015
Tags: Adicionar Tag
Sem tags, seja o primeiro a adicionar uma tag!

MARC

LEADER 00000nbm a2200000 4500
001 0203106
005 20161212104442.8
041 0 |a slo 
044 |a SK 
245 1 0 |a Využívanie marketingu na trhu realitných kancelárii a jeho analýza vo vybranej firme  |b diplomová práca  |c Martina Barteková ; školiteľ: Jozef Orgonáš 
264 1 |a Bratislava  |c 2015 
300 |a 63 s. 
100 1 |a Barteková, Martina 
700 1 |a Orgonáš, Jozef, 1957- 
710 2 |a Obchodná fakulta EU. Katedra marketingu